000 00722cai a22001815a 4500
001 L158407
008 150205u xxk g 000 0 eng d
035 _a(Sirsi) u158407
041 0 _aeng
110 2 _aThe Planning Inspectorate
_95723
245 0 0 _aNational Infrastructure Planning
520 _aProvides information about major infrastructure projects in England and Wales. Includes information about the national infrastructure planning process introduced by the Planning Act 2008.
590 _aKA
651 4 _aENGLAND AND WALES
690 _aInfrastructure
_96246
856 4 0 _uhttps://infrastructure.planningportal.gov.uk/
_zView the website free of charge at infrastructure.planningportal.gov.uk
942 _n0
999 _c121024
_d121024